| 000 | 01178cas a2200337 i 4500 | ||
|---|---|---|---|
| 999 |
_c200447339 _d65551 |
||
| 001 | 200447339 | ||
| 003 | TR-AnTOB | ||
| 005 | 20230615112928.0 | ||
| 007 | ta | ||
| 008 | 071226s2002 tu a 00010 tur | ||
| 020 | _a9754071179 (2003) | ||
| 022 | _a1303-1303-9164 | ||
| 035 | _a(TR-AnTOB)200447339 | ||
| 040 |
_aGAZIU _beng _erda _cGAZIU _dTR-AnTOB |
||
| 041 | 0 | _atur | |
| 050 | 4 |
_aSF481.75.T8 _bK86 2002 |
|
| 099 | _a338.1765 ERT 2002 | ||
| 245 | 1 | 0 |
_aKümes hayvanları ve yumurta : _bdurum ve tahmin = poultry and eggs situation and outlook. |
| 246 | 3 | 1 | _aPoultry and eggs situation and outlook. |
| 264 | 1 |
_a[Ankara] : _bTEAE, _c[2002] |
|
| 300 |
_avolumes : _billustrations ; _c30 cm |
||
| 336 |
_atext _btxt _2rdacontent |
||
| 337 |
_aunmediated _bn _2rdamedia |
||
| 338 |
_avolume _bnc _2rdacarrier |
||
| 490 | 0 |
_aTarımsal Ekonomi Araştırma Enstitüsü ; _vyayın no. 92. |
|
| 650 | 7 |
_aKümes hayvanları _zTürkiye _2etuturkob _944568 |
|
| 650 | 7 |
_aYumurtalar _zTürkiye _2etuturkob _9135470 |
|
| 710 | 2 |
_aTürkiye. _bTarım ve Köyişleri Bakanlığı. _bTarımsal Ekonomi Araştırma Enstitüsü _9132994 |
|
| 942 |
_2lcc _cBK |
||